Neural networks for pattern recognition
Wedi'i Gadw mewn:
| Prif Awdur: | |
|---|---|
| Fformat: | Llyfr |
| Iaith: | Saesneg |
| Cyhoeddwyd: |
Oxford
Oxford University
1995
|
| Rhifyn: | 1a. ed |
| Pynciau: | |
| Tagiau: |
Ychwanegu Tag
Dim Tagiau, Byddwch y cyntaf i dagio'r cofnod hwn!
|
MARC
| LEADER | 00000nam a2200000 a 4500 | ||
|---|---|---|---|
| 001 | UCK5179 | ||
| 003 | CL-VaPUC | ||
| 008 | 050715e19950000UK |||||||||||||||||eng|d | ||
| 020 | |a 0198538642 | ||
| 082 | 0 | 4 | |a 006.32 |b BIS |2 21 |
| 100 | 0 | |a Bishop, Christopher M |e author |9 493861 | |
| 245 | 1 | 0 | |a Neural networks for pattern recognition |
| 250 | |a 1a. ed | ||
| 300 | |a 482 p | ||
| 942 | |c BK | ||
| 945 | |d 20050715 00:00:00 |a cmena | ||
| 260 | |a Oxford |b Oxford University |c 1995 | ||
| 650 | 7 | |a REDES NEURALES |2 CL-VaPUC |9 327208 | |
| 650 | 7 | |a INTELIGENCIA ARTIFICIAL |2 CL-VaPUC |9 493862 | |
| 650 | 0 | |a Programación de computadores |9 259531 | |
| 650 | 0 | |a Modelos matemáticos |9 259437 | |
| 583 | |a last modification |c 20140108 03:57:54 |k Rodrigo Vera | ||
| 999 | |c 313813 |d 313811 | ||
| 952 | |0 0 |1 0 |4 0 |6 006_320000000000000_BIS_1995 |7 0 |8 A |9 385423 |a BIBGIM |b BIBGIM |d 2019-11-22 |i 4145224 |o 006.32 BIS 1995 |p 4145224 |r 2025-01-15 |w 2019-11-22 |y BK |k EST | ||